| 000 | 005610000a22001810004500 | ||
|---|---|---|---|
| 003 | MACL | ||
| 005 | 20160213131543.0 | ||
| 008 | 160213b xxu||||| |||| 00| 0 eng d | ||
| 040 |
_aMACL _cMACL |
||
| 041 | _aHindi | ||
| 082 | _a330 | ||
| 100 |
_aविजयवर्गीय श्री गोपीकष्ण _938016 |
||
| 245 | _aरोटीका सवाल | ||
| 260 |
_bसस्ता साहित्य मंडल _c1946 _aनई दिल्ली |
||
| 350 | _a3 | ||
| 650 |
_aEnonomics _938161 |
||
| 942 |
_cHIN _k330 _2ddc |
||
| 999 |
_c23875 _d23875 |
||